Least Known U.S. State Capitals - Statistics

General Stats
  • This quiz has been taken 56 times
  • The average score is 8 of 10
Answer Stats
Hint Answer % Correct
48% Bismark
90%
47% Pierre
90%
45% Montpelier
88%
48% Cheyenne
81%
45% Jefferson City
77%
45% Charleston
71%
42% Concord
71%
48% Harrisburg
71%
47% Columbia
60%
48% Madison
54%
No matching quizzes found
Score Distribution
Percent of People with Each Score
Percentile by Number Answered
Your Score History
You have not taken this quiz